00660nam a2200217Ia 4500008004100000020001600041050000900057050001400066100001800080245001800098245005900116250001900175260001700194260003100211260000900242300001600251300001100267440003000278999001900308952011500327170203s9999 xx 000 0 und d a0 717285677 a0 30 bG875 1999 aDurie, Bruce. ae- Business : bhow to make money running a business on the internet / aDeluxe edtion. aHongkong :  bGrolier International Inc. c1999 a161 pages : c24 cm. aGrolier Business Library. c305872d305872 001040aSSISBbSSISBc REFd2017-02-03l0oRef. 030 .G875 1999pUS- 0920r2017-02-03 00:00:00w2017-02-03yBK